[Event "Jakarta Indonesia op 2nd"]
[Site "Jakarta"]
[Date "2012.10.12"]
[Round "2"]
[White "Gao, Rui"]
[Black "Hidayat, Arifin"]
[Result "1-0"]
[WhiteElo "2443"]
[BlackElo "2141"]
[PlyCount "125"]
[EventDate "2012.10.11"]
[EventType "swiss"]
[EventRounds "9"]
[EventCountry "INA"]
[SourceTitle "EXT 2013"]
[Source "ChessBase"]
[SourceDate "2012.11.22"]
[SourceVersion "1"]
[SourceVersionDate "2012.11.22"]
[SourceQuality "1"]

1. e4 d6 2. d4 Nf6 3. Nc3 e5 4. Nf3 Nbd7 5. Bc4 Be7 6. 0-0 0-0 7. Re1 c6 8. a4 b6 9. Bg5 Ne8 10. Be3 Nc7 11. Qd2 Kh8 12. Rad1 Qe8 13. Be2 a6 14. Ra1 Rb8 15. h3 Bb7 16. Bd3 Bc8 17. Ne2 c5 18. c3 b5 19. axb5 Nxb5 20. dxc5 dxc5 21. Ng3 g6 22. Bh6 Rg8 23. Bc4 Rb6 24. Bd5 Bf8 25. Bxf8 Qxf8 26. Nf1 Nd6 27. Ne3 Qh6 28. Qe2 Re8 29. Nc4 Nxc4 30. Bxc4 g5 31. Qd2 Rg8 32. Bxf7 Rd6 33. Bd5 Qf6 34. Nh2 Rf8 35. Re3 Qg7 36. Rg3 Rf4 37. Nf3 h6 38. Qe3 Rb6 39. b3 Qe7 40. Ra5 Rbf6 41. c4 Rb6 42. Qc3 Kh7 43. Ra1 Rf8 44. Rd1 Re8 45. Nh2 Nf6 46. Rf3 Rf8 47. Qa5 Rb4 48. Qa1 Kg7 49. Nf1 Nh5 50. Rxf8 Kxf8 51. Qc3 Nf4 52. Qe3 Kg7 53. Ng3 Qf8 54. Ra1 h5 55. Nxh5+ Kh6 56. Ng3 Kg6 57. Nf5 Rb6 58. Ra5 Bd7 59. Rxc5 Rxb3 60. Qxb3 Qxc5 61. Qb8 Bxf5 62. Qe8+ Kh6 63. exf5 1-0